<?xml version="1.0" encoding="UTF-8"?><?xml-stylesheet type="text/xsl" href="static/style.xsl"?><OAI-PMH xmlns="http://www.openarchives.org/OAI/2.0/" xmlns:xsi="http://www.w3.org/2001/XMLSchema-instance" xsi:schemaLocation="http://www.openarchives.org/OAI/2.0/ http://www.openarchives.org/OAI/2.0/OAI-PMH.xsd"><responseDate>2026-04-27T12:32:13Z</responseDate><request verb="GetRecord" identifier="oai:uvadoc.uva.es:10324/62811" metadataPrefix="marc">https://uvadoc.uva.es/oai/request</request><GetRecord><record><header><identifier>oai:uvadoc.uva.es:10324/62811</identifier><datestamp>2024-04-12T11:09:30Z</datestamp><setSpec>com_10324_38</setSpec><setSpec>col_10324_787</setSpec></header><metadata><record xmlns="http://www.loc.gov/MARC21/slim" xmlns:doc="http://www.lyncode.com/xoai" xmlns:xsi="http://www.w3.org/2001/XMLSchema-instance" xmlns:dcterms="http://purl.org/dc/terms/" xsi:schemaLocation="http://www.loc.gov/MARC21/slim http://www.loc.gov/standards/marcxml/schema/MARC21slim.xsd">
<leader>00925njm 22002777a 4500</leader>
<datafield tag="042" ind1=" " ind2=" ">
<subfield code="a">dc</subfield>
</datafield>
<datafield tag="720" ind1=" " ind2=" ">
<subfield code="a">Jedrysiak Gutowska, Olga Zuzanna</subfield>
<subfield code="e">author</subfield>
</datafield>
<datafield tag="260" ind1=" " ind2=" ">
<subfield code="c">2023</subfield>
</datafield>
<datafield tag="520" ind1=" " ind2=" ">
<subfield code="a">El presente trabajo tiene como eje central la aproximación al imaginario social de la discapacidad visual en las entrevistas de trabajo y su influencia en dichas entrevistas. La metodología empleada para el estudio incluye análisis documental, entrevistas y un cuestionario. Una vez elaborado todo el estudio se detecta la necesidad de plantear acciones de sensibilización en el ámbito empresarial con el fin de reducir la presencia de los elementos negativos del imaginario social de la discapacidad visual en las entrevistas de trabajo.</subfield>
</datafield>
<datafield tag="024" ind2=" " ind1="8">
<subfield code="a">https://uvadoc.uva.es/handle/10324/62811</subfield>
</datafield>
<datafield tag="245" ind1="0" ind2="0">
<subfield code="a">Aproximación al imaginario social de la discapacidad visual y su influencia en las entrevistas de trabajo</subfield>
</datafield>
</record></metadata></record></GetRecord></OAI-PMH>